000 01418cam a22003257a 4500
001 15386809
005 20090112115914.0
008 080729s2008 enka b 001 0 eng
010 _a 2008274939
015 _aGBA783987
_2bnb
016 7 _a014100636
_2Uk
020 _a9780521876346 (hbk.)
035 _a(OCoLC)ocn175284075
040 _aUKM
_cUKM
_dBTCTA
_dYDXCP
_dBAKER
_dBWKUK
_dBWX
_dIXA
_dDLC
042 _aukblcatcopy
_alccopycat
050 0 0 _aQA76.9.D5
_bK74 2008
082 0 4 _a004.36
_222
_bKSH
100 1 _aKshemkalyani, Ajay D.
_911317
245 1 0 _aDistributed computing :
_bprinciples, algorithms, and systems /
_cAjay D. Kshemkalyani and Mukesh Singhal.
260 _aCambridge ;
_aNew York :
_bCambridge University Press,
_cc.2008.
300 _axvii, 736 p. :
_bill. ;
_c25 cm.
500 _aIncludes Index.
504 _aIncludes bibliographical references and index.
650 0 _aElectronic data processing
_xDistributed processing.
_911318
700 1 _aSinghal, Mukesh.
_911319
942 _2ddc
_cBB
999 _c13371
_d13371